मोक्ष केसे / (Record no. 118902)
[ view plain ]
| 000 -LEADER | |
|---|---|
| fixed length control field | 01249nam a22002777a 4500 |
| 005 - DATE AND TIME OF LATEST TRANSACTION | |
| control field | 20170124103123.0 |
| 010 ## - LIBRARY OF CONGRESS CONTROL NUMBER | |
| LC control number | A-977376 |
| 020 ## - INTERNATIONAL STANDARD BOOK NUMBER | |
| Terms of availability | 00.00 |
| 035 ## - SYSTEM CONTROL NUMBER | |
| System control number | A-977376 |
| 037 ## - SOURCE OF ACQUISITION | |
| Source of stock number/acquisition | Cen Lib/Ret |
| 040 ## - CATALOGING SOURCE | |
| Original cataloging agency | DPL |
| Language of cataloging | HN |
| 082 ## - DEWEY DECIMAL CLASSIFICATION NUMBER | |
| Classification number | 181.41 |
| Item number | परमा |
| 100 ## - MAIN ENTRY--PERSONAL NAME | |
| Personal name | परमानन्द |
| 9 (RLIN) | 82423 |
| 245 ## - TITLE STATEMENT | |
| Title | मोक्ष केसे / |
| Statement of responsibility, etc | परमानन्द; संपादक चैतन्य सिन्धु |
| 246 ## - VARYING FORM OF TITLE | |
| Title proper/short title | Moksha kese / |
| Remainder of title | by Parmanand; sampadak Chaitanya Sindhu |
| 250 ## - EDITION STATEMENT | |
| Edition statement | 2nd ed |
| 260 ## - PUBLICATION, DISTRIBUTION, ETC. (IMPRINT) | |
| Place of publication, distribution, etc | हरिद्वार |
| Name of publisher, distributor, etc | अखण्ड परमधाम |
| Date of publication, distribution, etc | 1994 |
| 270 ## - ADDRESS | |
| City | हरिद्वार |
| Address | सप्त सरोवर |
| Postal code | 241410 |
| 300 ## - PHYSICAL DESCRIPTION | |
| Extent | 123पृ. |
| Dimensions | 21सेमी (सजिल्द) |
| 650 ## - SUBJECT ADDED ENTRY--TOPICAL TERM | |
| Topical term or geographic name as entry element | सिद्धांत और अध्यात्म--भारतीय दर्शन शास्त्र |
| 9 (RLIN) | 82424 |
| 650 ## - SUBJECT ADDED ENTRY--TOPICAL TERM | |
| Topical term or geographic name as entry element | मोक्ष प्राप्ति--भारतीय दर्शन |
| 9 (RLIN) | 82425 |
| 650 ## - SUBJECT ADDED ENTRY--TOPICAL TERM | |
| Topical term or geographic name as entry element | Doctrine and spirituality--Indian Philosophy |
| 9 (RLIN) | 82426 |
| 650 ## - SUBJECT ADDED ENTRY--TOPICAL TERM | |
| Topical term or geographic name as entry element | Beatification --Indian philosophy |
| 9 (RLIN) | 82427 |
| 700 ## - ADDED ENTRY--PERSONAL NAME | |
| Personal name | सिन्धु, चैतन्य |
| 9 (RLIN) | 82428 |
| 942 ## - ADDED ENTRY ELEMENTS (KOHA) | |
| Source of classification or shelving scheme | Dewey Decimal Classification |
| Koha item type | Hindi Books |
| Classification part | 181.41 |
| Call number suffix | परमा |
| Withdrawn status | Lost status | Damaged status | Not for loan | Home library | Current library | Date acquired | Source of acquisition | Cost, normal purchase price | Total Checkouts | Full call number | Barcode | Date last seen | Copy number | Cost, replacement price | Price effective from | Koha item type |
|---|---|---|---|---|---|---|---|---|---|---|---|---|---|---|---|---|
| Central Library | Central Library | 14/09/2015 | Cen Lib/Ret | 0.00 | 181.41 परमा | A-977376 | 14/09/2015 | 1 | 0.00 | 14/09/2015 | Hindi Books |
